Rosé MV Outfit - Statistics

General Stats
  • This quiz has been taken 50 times
  • The average score is 90 of 144
Answer Stats
Question Tile Select % Correct
Rosé's Playing With Fire Outfits No
100%
Rosé's Playing With Fire Outfits No
98%
Rosé's Playing With Fire Outfits Yes
95%
Rosé's Playing With Fire Outfits Yes
95%
Rosé's Playing With Fire Outfits No
95%
Rosé's Playing With Fire Outfits Yes
90%
Rosé's Playing With Fire Outfits No
90%
Rosé's Whistle Outfits No
85%
Rosé's Playing With Fire Outfits No
85%
Rosé's Stay Outfits Yes
83%
Rosé's Stay Outfits Yes
83%
Rosé's Stay Outfits No
83%
Rosé's Stay Outfits No
83%
Rosé's Stay Outfits No
80%
Rosé's Stay Outfits No
80%
Rosé's As If It's Your Last Outfits Yes
80%
Rosé's As If It's Your Last Outfits No
80%
Rosé's As If It's Your Last Outfits No
80%
Rosé's Ddu-Du Ddu-Du Outfits No
80%
Rosé's Ddu-Du Ddu-Du Outfits No
80%
Rosé's toxic till the end Outfits No
80%
Rosé's Whistle Outfits No
78%
Rosé's Whistle Outfits No
78%
Rosé's As If It's Your Last Outfits No
78%
Rosé's How You Like That Outfits No
78%
Rosé's Whistle Outfits Yes
75%
Rosé's Whistle Outfits No
75%
Rosé's Whistle Outfits No
75%
Rosé's Stay Outfits No
75%
Rosé's Ddu-Du Ddu-Du Outfits No
75%
Rosé's How You Like That Outfits No
75%
Rosé's toxic till the end Outfits No
75%
Rosé's toxic till the end Outfits No
75%
Rosé's Boombayah Outfits Yes
73%
Rosé's Boombayah Outfits No
73%
Rosé's Boombayah Outfits No
73%
Rosé's Boombayah Outfits No
73%
Rosé's Whistle Outfits No
73%
Rosé's Stay Outfits Yes
73%
Rosé's Kill This Love Outfits No
73%
Rosé's Kill This Love Outfits No
73%
Rosé's How You Like That Outfits Yes
73%
Rosé's toxic till the end Outfits Yes
73%
Rosé's toxic till the end Outfits No
73%
Rosé's As If It's Your Last Outfits Yes
70%
Rosé's Ddu-Du Ddu-Du Outfits Yes
70%
Rosé's Kill This Love Outfits Yes
70%
Rosé's How You Like That Outfits No
70%
Rosé's Pink Venom Outfits No
70%
Rosé's Boombayah Outfits Yes
68%
Rosé's Ddu-Du Ddu-Du Outfits Yes
68%
Rosé's Kill This Love Outfits Yes
68%
Rosé's Shut Down Outfits Yes
68%
Rosé's toxic till the end Outfits Yes
68%
Rosé's toxic till the end Outfits Yes
68%
Rosé's toxic till the end Outfits Yes
68%
Rosé's Boombayah Outfits Yes
65%
Rosé's Boombayah Outfits Yes
65%
Rosé's Ddu-Du Ddu-Du Outfits Yes
65%
Rosé's Pink Venom Outfits No
65%
Rosé's Shut Down Outfits No
65%
Rosé's Shut Down Outfits No
65%
Rosé's Whistle Outfits Yes
63%
Rosé's Stay Outfits No
63%
Rosé's As If It's Your Last Outfits Yes
63%
Rosé's As If It's Your Last Outfits Yes
63%
Rosé's Ddu-Du Ddu-Du Outfits Yes
63%
Rosé's Kill This Love Outfits Yes
63%
Rosé's Lovesick Girls Outfits Yes
63%
Rosé's Lovesick Girls Outfits No
63%
Rosé's Lovesick Girls Outfits No
63%
Rosé's Lovesick Girls Outfits No
63%
Rosé's Ice Cream Outfits Yes
63%
Rosé's Ice Cream Outfits No
63%
Rosé's Pink Venom Outfits Yes
63%
Rosé's Pink Venom Outfits Yes
63%
Rosé's Pink Venom Outfits No
63%
Rosé's Shut Down Outfits No
63%
Rosé's Boombayah Outfits Yes
60%
Rosé's Kill This Love Outfits Yes
60%
Rosé's How You Like That Outfits Yes
60%
Rosé's Ice Cream Outfits Yes
60%
Rosé's Ice Cream Outfits Yes
60%
Rosé's Pink Venom Outfits Yes
60%
Rosé's Shut Down Outfits No
60%
Rosé's Whistle Outfits Yes
58%
Rosé's As If It's Your Last Outfits Yes
58%
Rosé's As If It's Your Last Outfits Yes
58%
Rosé's Kill This Love Outfits Yes
58%
Rosé's Lovesick Girls Outfits Yes
58%
Rosé's Lovesick Girls Outfits Yes
58%
Rosé's Ice Cream Outfits Yes
58%
Rosé's Ice Cream Outfits Yes
58%
Rosé's Pink Venom Outfits Yes
58%
Rosé's Shut Down Outfits Yes
58%
Rosé's number one girl Outfits No
58%
Rosé's number one girl Outfits No
58%
Rosé's Boombayah Outfits No
55%
Rosé's How You Like That Outfits Yes
55%
Rosé's How You Like That Outfits Yes
55%
Rosé's How You Like That Outfits Yes
55%
Rosé's Lovesick Girls Outfits Yes
55%
Rosé's Ice Cream Outfits Yes
55%
Rosé's Ice Cream Outfits Yes
55%
Rosé's Pink Venom Outfits Yes
55%
Rosé's Gone Outfits Yes
55%
Rosé's Gone Outfits No
55%
Rosé's number one girl Outfits No
55%
Rosé's number one girl Outfits Yes
53%
Rosé's number one girl Outfits Yes
53%
Rosé's number one girl Outfits No
53%
Rosé's toxic till the end Outfits Yes
53%
Rosé's Pink Venom Outfits No
50%
Rosé's Gone Outfits No
50%
Rosé's number one girl Outfits No
50%
Rosé's number one girl Outfits No
50%
Rosé's number one girl Outfits No
50%
Rosé's Ddu-Du Ddu-Du Outfits Yes
48%
Rosé's Ice Cream Outfits Yes
48%
Rosé's How You Like That Outfits Yes
45%
Rosé's Lovesick Girls Outfits Yes
45%
Rosé's Shut Down Outfits Yes
45%
Rosé's On The Ground Outfits Yes
45%
Rosé's On The Ground Outfits Yes
45%
Rosé's On The Ground Outfits Yes
45%
Rosé's On The Ground Outfits No
45%
Rosé's Gone Outfits Yes
45%
Rosé's Gone Outfits No
45%
Rosé's Lovesick Girls Outfits Yes
43%
Rosé's Gone Outfits Yes
43%
Rosé's Ddu-Du Ddu-Du Outfits Yes
40%
Rosé's Shut Down Outfits Yes
40%
Rosé's Playing With Fire Outfits Yes
38%
Rosé's Kill This Love Outfits Yes
38%
Rosé's On The Ground Outfits Yes
38%
Rosé's On The Ground Outfits Yes
38%
Rosé's Gone Outfits Yes
38%
Rosé's On The Ground Outfits Yes
35%
Rosé's Gone Outfits Yes
35%
Rosé's Gone Outfits Yes
35%
Rosé's Shut Down Outfits Yes
33%
Rosé's Kill This Love Outfits Yes
30%
Rosé's On The Ground Outfits Yes
30%
Rosé's On The Ground Outfits Yes
23%
No matching quizzes found
Score Distribution
Percent of People with Each Score
Percentile by Number Answered
Your Score History
You have not taken this quiz